banner-ar

مفهوم الاستعارة: فى بحوث اللغوين والنقاد والبلاغيين دراسة تاريخية فنية (Record no. 32221)

MARC details
000 -الفاتح
حقل البيانات ثابتة الطول 00491nam a2200133Ia 4500
008 - عناصر البيانات ثابتة الطول - معلومات عامة
حقل البيانات ثابتة الطول 140319s9999 xx 000 0 ara d
040 ## - مصدر الفهرسة
وكالة الفهرسة الأصلية GCL /
وكالة النسخ GCL
082 04 - رقم تصنيف ديوى العشرى
رقم التصنيف 819
رقم المادة ا م
245 10 - بيان العنوان
العنوان مفهوم الاستعارة: فى بحوث اللغوين والنقاد والبلاغيين دراسة تاريخية فنية
260 ## - PUBLICATION, DISTRIBUTION, ETC. (IMPRINT)
تاريخ النشر أو التوزيع 1988
300 ## - الوصف المادى
التعداد 200 ص
490 ## - بيان السلسلة
عنوان السلسلة سلسلة كتب الادب والنقد
رقم المجلد/ التعيين التسلسلي 0
260 ## - PUBLICATION, DISTRIBUTION, ETC. (IMPRINT)
-- [S.N] :
-- منشاة المعارف الاسلامية ،
Holdings
حالة التراجع حالة الفقد حالة تلف ليس للاعارة المكان المؤقت الموقع الحالى تاريخ الاكتساب اجمالي اﻻعارات رقم الطلب الباركود تاريخ اخر مشاهدة تاريخ تفعيل السعر نوع وعاء كوها
        مكتبة القاهرة الكبرى مكتبة القاهرة الكبرى 03/26/2014   819\ا م 75754 03/26/2014 03/26/2014 كتاب
        مكتبة القاهرة الكبرى مكتبة القاهرة الكبرى 03/26/2014   819\ا م 75755 03/26/2014 03/26/2014 كتاب

Powered By

EGPV